000 00858nas a2200289 4500
001 BR2012001965
003 BR-BrBNA
005 20231205120354.0
007 ta
008 230509b bl.|||p| |||| 00| 00por d
040 _aBR-BrBNA
_bpor
_cBiblioteca Nacional de Agricultura
041 _a(Pt)
072 _aH20
100 1 _aAlmeida, I.M.G.
100 1 _aOliveira, M.A.R. de
100 1 _aMalavolta Junior, V.A.
100 1 _aRodrigues Neto, J.
245 1 _aMilheto, novo hospedeiro de Acidovorax avenae subsp. Avenae no Brasil
650 _aMILHETO
650 _aPENISETUM AMERICAMUM
650 _aBACTÉRIA
650 _aDOENÇA DE PLANTA
650 _aPATÓGENO
773 0 _tO Biológico (Brazil)
_xISSN 0366-0567
_g(Jul-Dec 1996), v. 58(2) p. 21-23
_wBR2012001965
909 _a202311
_bLúcia
_c55
_dLúcia Elande
942 _2AGRIS
_n0
_cANA
999 _c218176
_d218176